00914 2200217 4500001002100000005001500021035002000036007000300056008004100059020002200100082001200122084001800134100004000152245009400192250000600286260003100292300004900323700002500372520028200397600001700679INLIS00000000000221420260206094602 a0010-0226000056ta260206 j 0 ind  a978-623-266-530-9 a581.634 a581.634 ELL y0 aEllen Wijaya dr, Sp.A ( Pengarang )1 aYuk, mengenal tanaman sehat :bSeri aku peduli /cdr.Ellen Wijaya, Sp.A ;editor,hanissa E a- aJakarta :bErlangga,c2022 a58 hlm :bIlus ; berwarna,bergambar ;c21 cm0 aHanissa E ( Editor ) aTidak hanya sayur-mayurnyang menjadi sumber gizi, banyak pula ragam tanaman hias dan tanaman obat yang bermanfaat bagi kesehatan manusia. Bagi anda yang ingin memelihara tanaman sehat, buku ini berisi berbagai tips-tips budidaya tanaman sehat yang mudah dan cocok untuk pemula. 4aTanaman obat